Principles of taxation/ (Record no. 8028)
[ view plain ]
| 000 -LEADER | |
|---|---|
| fixed length control field | 00876nac a22002655a 4500 |
| 008 - FIXED-LENGTH DATA ELEMENTS--GENERAL INFORMATION | |
| fixed length control field | 150816t2008 nyua f d 001 0 eng d |
| 010 ## - LIBRARY OF CONGRESS CONTROL NUMBER | |
| LC control number | sn 98002062 |
| 020 ## - INTERNATIONAL STANDARD BOOK NUMBER | |
| International Standard Book Number | 9780073403953 |
| 020 ## - INTERNATIONAL STANDARD BOOK NUMBER | |
| International Standard Book Number | 0073403954 |
| 022 0# - INTERNATIONAL STANDARD SERIAL NUMBER | |
| International Standard Serial Number | 1099-5587 |
| 035 ## - SYSTEM CONTROL NUMBER | |
| System control number | (OCoLC)ocm39128714 |
| 082 04 - DEWEY DECIMAL CLASSIFICATION NUMBER | |
| Classification number | 343.7304 |
| Item number | JON |
| Edition number | 22 |
| 100 1# - MAIN ENTRY--PERSONAL NAME | |
| Personal name | Jones, Sally M. |
| 245 10 - TITLE STATEMENT | |
| Title | Principles of taxation/ |
| Remainder of title | for business and investment planning. |
| Statement of responsibility, etc | Sally M.Jones, Shelley C. Rhoades-catanach |
| 260 ## - PUBLICATION, DISTRIBUTION, ETC. (IMPRINT) | |
| Place of publication, distribution, etc | New York : |
| Name of publisher, distributor, etc | McGraw-Hill, |
| Date of publication, distribution, etc | c.2008. |
| 300 ## - PHYSICAL DESCRIPTION | |
| Extent | v. : 591p. : |
| Other physical details | ill. ; |
| Dimensions | 27 cm. |
| 500 ## - GENERAL NOTE | |
| General note | Index : p. 579-591. |
| 500 ## - GENERAL NOTE | |
| General note | Glossary : p. 564-574. |
| 590 ## - LOCAL NOTE (RLIN) | |
| Local note | catalogued by: Mostafa El-Helaly |
| 650 #0 - SUBJECT ADDED ENTRY--TOPICAL TERM | |
| Topical term or geographic name as entry element | Taxation |
| General subdivision | Law and legislation |
| Geographic subdivision | United States |
| Source of heading or term | BUEsh |
| 650 #0 - SUBJECT ADDED ENTRY--TOPICAL TERM | |
| Topical term or geographic name as entry element | Tax planning |
| Geographic subdivision | United States |
| Source of heading or term | BUEsh |
| 651 ## - SUBJECT ADDED ENTRY--GEOGRAPHIC NAME | |
| Source of heading or term | BUEsh |
| 653 ## - INDEX TERM--UNCONTROLLED | |
| Arrived date list | August2015 |
| 942 ## - ADDED ENTRY ELEMENTS (KOHA) | |
| Item type | NB - Book (Non borrowing) |
| Call number prefix | 343JON |
| Source of classification or shelving scheme | Dewey Decimal Classification |
| Withdrawn status | Item status | Source of classification or shelving scheme | Damaged status | Not for loan | Home library | Current library | Shelving location | Date acquired | Source of acquisition | Total Checkouts | Full call number | Barcode | Date last seen | Date last borrowed | Koha item type | Total Renewals |
|---|---|---|---|---|---|---|---|---|---|---|---|---|---|---|---|---|
| Dewey Decimal Classification | Central Library | Central Library | First floor | 19/02/2008 | Purchase | 4 | 343.7304 JON | 000009738 | 15/07/2025 | 28/04/2011 | NB - Book (Non borrowing) | |||||
| Dewey Decimal Classification | Central Library | Central Library | First floor | 19/02/2008 | Purchase | 8 | 343.7304 JON | 000009736 | 15/07/2025 | 26/02/2019 | Book - Borrowing | 22 | ||||
| Dewey Decimal Classification | Central Library | Central Library | First floor | 08/09/2008 | Purchase | 8 | 343.7304 JON | 000013519 | 15/07/2025 | 24/02/2014 | Book - Borrowing | 50 |